00380nam a2200121Ia 4500008004100000050002400041100002200065245007900087250001200166260005200178300002100230521000700251140529s9999 xx 000 0 und d aPE 1408b.W636 1977 aWiener, Harvey S. aInstructor's manual to accompany creating compositions /cHarvey S. Wiener a2nd ed. aNew York [et al.] :bMcGraw-Hill, Inc.,cc1977. a128 p. ;c23 cm. aGE